000 00541nam a2200193Ia 4500
005 20250423100147.0
008 250422s9999 xx 000 0 und d
020 _a9780495503071
050 _aPN 1992.55 .E18/
100 _aFerguson, Douglas A.
245 0 _aMedia programming: strategies and practices
250 _a8th ed.
260 _aBoston
260 _bThomson Wadsworth
260 _c2020
300 _a466 p
650 _aTelevision programs--Planning. Radio programs--Planning. Cable television--Planning.
942 _cBK
999 _c32460
_d32460